000 00359nam a2200145Ia 4500
008 230711s9999||||xx |||||||||||||| ||und||
041 _aENG
082 _a667
_bBR-D
100 _aBray,Natalie
245 0 _aDress Fitting
250 _a2nd . Ed.
260 _c1999
_aNew Delhi
_bBlackwell Scientific Publications
650 _aTextile Engineering
942 _cBK
999 _c3837
_d3837